| 000 | 00590nam a2200241Ia 4500 | ||
|---|---|---|---|
| 003 | OSt | ||
| 005 | 20221005120633.0 | ||
| 006 | a|||||r|||| 00| 0 | ||
| 007 | ta | ||
| 008 | 221004b |||||||| |||| 00| 0 eng d | ||
| 024 | _a38974 | ||
| 037 | _cTextual | ||
| 040 |
_aCRL _cCRL _beng |
||
| 041 |
_2eng _aeng |
||
| 082 | _aO:3L79:1, E3 | ||
| 100 | _aGalt John | ||
| 245 | 0 | _aEntail or the lairds of grippy | |
| 260 | _c1913 | ||
| 490 | _aWorld's classic | ||
| 650 | _aENGLISH LITERATURE | ||
| 942 |
_hO:3L79:1, E3 _cTEXL _2cc |
||
| 999 |
_c1038631 _d1038631 |
||